000 00520nam a22001817a 4500
005 20251108164156.0
008 250721s1995 xx 000 0 ara d
082 1 4 _a301,412/عاد
100 1 _aعوض، عادل رفقي
245 1 0 _aالمرأة و حماية البيئة /
264 1 _aعمان :
_bدار الشروق للنشر والتوزيع،
_c1995.
300 _a203ص.
650 1 7 _aالمرأة
650 1 7 _aالبيئة
650 1 7 _aهندسة البيئة
942 _2ddc
_cBK
999 _c5528
_d5528